000 00947nam a22003377a 4500
005 20250624165434.0
008 160204b2012 xxu||||| |||| 00| 0 spa d
041 _aESP
082 _a005.5 M867o
100 _aMoro Vallina, Miguel
245 _aOfimática y proceso de la información
260 _aEspaña
_bParaninfo
_c2012
300 _a399 páginas
490 _aSecretariado Ejecutivo
490 _aTecnologías de la Información
490 _aDirección y Administración de Empresa
505 _aContiene disco compacto N° 728
650 _aOFIMÁTICA
650 _aERGONOMÍA
650 _aMECANOGRAFÍA
650 _aSISTEMAS DE INFORMACIÓN
650 _aHOJAS DE CÁLCULO
650 _aPROCESADORES DE TEXTO
650 _aBASES DE DATOS
650 _aCORREO
650 _aAGENDA ELECTRÓNICA
650 _aPRESENTACIONES GRÁFICAS
650 _aCORRESPONDENCIA
650 _aARCHIVOS
942 _cBK
_2ddc
999 _c7607
_d7607